Catalog

Record Details

Catalog Search



Poplach v Kovářské uličce : četba pro žáky zákl. škol  Cover Image Book Book

Poplach v Kovářské uličce : četba pro žáky zákl. škol / Václav Řezáč ; il. Josef Čapek ; typografie Václav Jedlička

Record details

  • Physical Description: 141 s. : obr. ; 20 cm
  • Edition: 18. vyd., v Čs. spis. 9. vyd.
  • Publisher: Praha : Československý spisovatel, 1988

Content descriptions

General Note:
Ilustr. tit. dvoulist
77000 výt.
Obálka a vazba Josef Týfa

Available copies

  • 1 of 1 copy available at Common Catalog SPOK.

Holds

  • 0 current holds with 1 total copy.
Show Only Available Copies
Location Call Number / Copy Notes Barcode Shelving Location Status Due Date
Hospic Dobrého Pastýře BE-R
Tematická katagorie: Beletrie (BE)
204595701607 Knihovna Available -

Electronic resources

Version of Resource: Digitalizovaný dokument


LDR 01148nam a2200325 4500
00129715
003CZ-PrJAB
00520171207144213.0
007tu
008880718s1988 xr a u0|0 cze
015 . ‡acnb000038303
020 . ‡q(Váz.) : ‡c16 Kčs
035 . ‡a(CZ PrNK)ck8803458
035 . ‡a(OCoLC)85618914
040 . ‡aABA001 ‡bcze ‡dABA001
080 . ‡a885.0-93 ‡2undef
080 . ‡a885.0-32 ‡2undef
1001 . ‡aŘezáč, Václav, ‡d1901-1956 ‡7jk01110105 ‡4aut
24510. ‡aPoplach v Kovářské uličce : ‡bčetba pro žáky zákl. škol / ‡cVáclav Řezáč ; il. Josef Čapek ; typografie Václav Jedlička
250 . ‡a18. vyd., v Čs. spis. 9. vyd.
260 . ‡aPraha : ‡bČeskoslovenský spisovatel, ‡c1988 ‡e(Vimperk : ‡fStráž)
300 . ‡a141 s. : ‡bobr. ; ‡c20 cm
4901 . ‡aZlatý klíček
500 . ‡aIlustr. tit. dvoulist
500 . ‡a77000 výt.
500 . ‡aObálka a vazba Josef Týfa
7001 . ‡aČapek, Josef, ‡d1887-1945 ‡7jk01021020 ‡4ill
830 0. ‡aZlatý klíček
85641. ‡uhttp://kramerius4.nkp.cz/search/handle/uuid:8096f7c0-fe5c-11e2-9923-005056827e52 ‡yDigitalizovaný dokument
910 . ‡aBNE702
998 . ‡a000038303
901 . ‡a29715 ‡b ‡c29715 ‡tbiblio

Additional Resources